[Event "BCF-chT3E 2223 (4NCL)"]
[Site "England"]
[Date "2023.04.29"]
[Round "9.14"]
[White "Ursell, Adam R"]
[Black "Vleeshhouwer, Douglas"]
[Result "0-1"]
[WhiteElo "1923"]
[BlackElo "2045"]
[PlyCount "70"]
[EventDate "2022.11.05"]
[EventType "team-tourn"]
[EventRounds "11"]
[EventCountry "ENG"]
[SourceTitle "EXT 2024"]
[Source "ChessBase"]
[SourceDate "2023.10.10"]
[SourceVersion "1"]
[SourceVersionDate "2023.10.10"]
[SourceQuality "1"]
[WhiteTeam "Sussex Martlets II"]
[BlackTeam "Hull & East Riding Tigers"]
[WhiteTeamCountry "ENG"]
[BlackTeamCountry "ENG"]

1. e4 d6 2. d4 Nf6 3. Nc3 Nbd7 4. Nf3 e5 5. Rg1 c6 6. g4 exd4 7. Qxd4 Nc5 8. g5 Nfxe4 9. Nxe4 Qe7 10. Bd3 Bf5 11. Qxd6 Nxd3+ 12. cxd3 Qxd6 13. Nxd6+ Bxd6 14. d4 0-0-0 15. Be3 Rhe8 16. 0-0-0 Be6 17. b3 Ba3+ 18. Kb1 Bf5+ 19. Ka1 Bc2 20. Rd2 Be4 21. Ne5 Bb4 22. Nc4 b5 23. a3 Bc3+ 24. Nb2 Bxd2 25. Bxd2 Rxd4 26. Bc3 Rd5 27. f4 Bc2 28. Ka2 Re3 29. Bxg7 Bxb3+ 30. Kb1 Rd2 31. Rc1 Bd5 32. Bc3 Rxh2 33. Nd1 Rf3 34. a4 b4 35. Be5 Be4+ 0-1

[Event "Leamington Spa 4NCL op-A 28th"]
[Site "Leamington Spa"]
[Date "2022.07.10"]
[Round "4"]
[White "Vleeshhouwer, Douglas"]
[Black "Hertog, Alexander"]
[Result "1/2-1/2"]
[WhiteElo "1941"]
[BlackElo "1540"]
[PlyCount "57"]
[EventDate "2022.07.08"]
[EventType "swiss"]
[EventRounds "5"]
[EventCountry "ENG"]
[SourceTitle "CBM 209 Extra"]
[Source "ChessBase"]
[SourceDate "2022.09.30"]
[SourceVersion "1"]
[SourceVersionDate "2022.09.30"]
[SourceQuality "1"]

1. b3 d5 2. Bb2 Bf5 3. e3 e6 4. h3 h6 5. d4 Nf6 6. Nc3 a6 7. Bd3 Bxd3 8. Qxd3 Bd6 9. 0-0-0 Nc6 10. Nge2 Qe7 11. Kb1 0-0-0 12. f3 Nb4 13. Qd2 c5 14. Na4 cxd4 15. Nxd4 Qc7 16. Rc1 Kb8 17. c4 dxc4 18. Rxc4 Qe7 19. Qe2 Rc8 20. Rhc1 Rxc4 21. Qxc4 Nd7 22. a3 Ne5 23. Qc3 Nbd3 24. f4 Nxb2 25. Nxb2 Nd7 26. Nc4 Rc8 27. Qb2 g6 28. Nxd6 Rxc1+ 29. Qxc1 1/2-1/2

[Event "ECF Charity Marathon UKR"]
[Site "Chess.com INT"]
[Date "2022.04.03"]
[Round "?"]
[White "Baker, Chris W"]
[Black "Vleeshhouwer, Douglas"]
[Result "1-0"]
[WhiteElo "2272"]
[BlackElo "1980"]
[PlyCount "47"]
[EventDate "2022.04.02"]
[EventType "swiss (blitz)"]
[EventRounds "74"]
[EventCountry "USA"]
[SourceTitle "CBM 207 Extra"]
[Source "ChessBase"]
[SourceDate "2022.05.31"]
[SourceVersion "1"]
[SourceVersionDate "2022.05.31"]
[SourceQuality "1"]

1. e4 d6 2. d4 Nf6 3. Nc3 Nbd7 4. Nf3 e5 5. Bc4 Be7 6. g4 Nxg4 7. Rg1 Ngf6 8. Rxg7 d5 9. Nxd5 Nxd5 10. Bxd5 Rf8 11. dxe5 c6 12. Bb3 Nc5 13. Qxd8+ Bxd8 14. Bh6 Nxb3 15. axb3 Be6 16. 0-0-0 Bb6 17. Nd4 Rd8 18. Nxe6 Rxd1+ 19. Kxd1 fxe6 20. f4 Rf7 21. Rg8+ Kd7 22. Ke2 a6 23. Bg5 Bd4 24. Rd8+ 1-0

[Event "ECF Charity Marathon UKR"]
[Site "Chess.com INT"]
[Date "2022.04.03"]
[Round "?"]
[White "Rizvi, Nasir"]
[Black "Vleeshhouwer, Douglas"]
[Result "0-1"]
[WhiteElo "1984"]
[BlackElo "1980"]
[PlyCount "132"]
[EventDate "2022.04.02"]
[EventType "swiss (blitz)"]
[EventRounds "74"]
[EventCountry "USA"]
[SourceTitle "CBM 207 Extra"]
[Source "ChessBase"]
[SourceDate "2022.05.31"]
[SourceVersion "1"]
[SourceVersionDate "2022.05.31"]
[SourceQuality "1"]

1. d4 d6 2. Nc3 Nf6 3. e4 Nbd7 4. f3 e5 5. Nge2 c6 6. Be3 b5 7. Qd2 Be7 8. g4 Nb6 9. Ng3 0-0 10. 0-0-0 b4 11. Nb1 exd4 12. Bxd4 c5 13. Be3 a5 14. g5 Ne8 15. h4 Be6 16. Nf5 Bxa2 17. Be2 Nc4 18. Bxc4 Bxc4 19. Rdg1 a4 20. h5 a3 21. g6 axb2+ 22. Kxb2 Bf6+ 23. Kc1 Ra1 24. Nxg7 Nxg7 25. gxh7+ Kh8 26. Bh6 Ba2 27. Qf4 Rxb1+ 28. Kd2 Rxg1 29. Rxg1 Bc3+ 30. Kc1 f5 31. Qg3 Rf7 32. Qg6 Qf8 33. exf5 Rxf5 34. Bg5 Rxg5 35. Qxg5 Qf6 36. Qe3 Bb2+ 37. Kd1 Qd4+ 38. Qxd4 Bxd4 39. Rg6 Kxh7 40. Rxd6 Nxh5 41. Ke2 Nf4+ 42. Kd2 Bc4 43. Ke1 Kg7 44. Kd2 Kf7 45. Ke1 Ke7 46. Rh6 Bd5 47. Kd2 Bxf3 48. Rh4 Be5 49. Rh6 Bd5 50. Ke3 Ne6 51. Rh7+ Kd6 52. Ra7 c4 53. Kd2 Kc5 54. Ra5+ Kd4 55. Rb5 Bd6 56. Rb6 Bc5 57. Rb8 c3+ 58. Kd1 Bf3+ 59. Kc1 Nf4 60. Rd8+ Kc4 61. Rc8 Ne2+ 62. Kb1 Nd4 63. Rb8 Be2 64. Rc8 b3 65. Rb8 bxc2+ 66. Kc1 Ba3+ 0-1

[Event "ECF Charity Marathon UKR"]
[Site "Chess.com INT"]
[Date "2022.04.03"]
[Round "?"]
[White "Shearsby, Jude"]
[Black "Vleeshhouwer, Douglas"]
[Result "0-1"]
[WhiteElo "1814"]
[BlackElo "1980"]
[PlyCount "30"]
[EventDate "2022.04.02"]
[EventType "swiss (blitz)"]
[EventRounds "74"]
[EventCountry "USA"]
[SourceTitle "CBM 207 Extra"]
[Source "ChessBase"]
[SourceDate "2022.05.31"]
[SourceVersion "1"]
[SourceVersionDate "2022.05.31"]
[SourceQuality "1"]

1. e4 d6 2. d4 Nf6 3. Nc3 Nbd7 4. Bc4 e5 5. Nf3 Be7 6. Bxf7+ Kxf7 7. Ng5+ Kg8 8. Ne6 Qe8 9. Nxc7 Qg6 10. Nxa8 Qxg2 11. Rf1 exd4 12. Qxd4 Ne5 13. Qe3 Bh3 14. Qxa7 Qxf1+ 15. Kd2 Nc4# 0-1

[Event "ECF Charity Marathon UKR"]
[Site "Chess.com INT"]
[Date "2022.04.03"]
[Round "?"]
[White "Skliarov, Viktor"]
[Black "Vleeshhouwer, Douglas"]
[Result "1-0"]
[WhiteElo "2387"]
[BlackElo "1980"]
[PlyCount "61"]
[EventDate "2022.04.02"]
[EventType "swiss (blitz)"]
[EventRounds "74"]
[EventCountry "USA"]
[SourceTitle "CBM 207 Extra"]
[Source "ChessBase"]
[SourceDate "2022.05.31"]
[SourceVersion "1"]
[SourceVersionDate "2022.05.31"]
[SourceQuality "1"]

1. e4 d6 2. d4 Nf6 3. Nc3 Nbd7 4. f3 e5 5. Nge2 c6 6. Be3 b5 7. Qd2 b4 8. Nd1 a5 9. g4 Nb6 10. Ng3 exd4 11. Bxd4 c5 12. Be3 Ba6 13. Bxa6 Rxa6 14. Qd3 Ra7 15. g5 Nfd7 16. f4 Be7 17. Nf2 0-0 18. 0-0 Qc7 19. Rad1 d5 20. exd5 c4 21. Qf5 Bd6 22. Nfe4 g6 23. Qh3 f5 24. gxf6 Nxf6 25. Qe6+ Kg7 26. Qxd6 Nxe4 27. Qxc7+ Rxc7 28. Nxe4 Re7 29. Bd4+ Kh6 30. Ng3 Nxd5 31. Bc5 1-0

[Event "ECF Charity Marathon UKR"]
[Site "Chess.com INT"]
[Date "2022.04.03"]
[Round "?"]
[White "Vleeshhouwer, Douglas"]
[Black "Arkell, Keith C"]
[Result "1-0"]
[WhiteElo "1980"]
[BlackElo "2383"]
[PlyCount "91"]
[EventDate "2022.04.02"]
[EventType "swiss (blitz)"]
[EventRounds "74"]
[EventCountry "USA"]
[SourceTitle "CBM 207 Extra"]
[Source "ChessBase"]
[SourceDate "2022.05.31"]
[SourceVersion "1"]
[SourceVersionDate "2022.05.31"]
[SourceQuality "1"]

1. e4 c6 2. d4 d5 3. exd5 cxd5 4. c4 Nf6 5. Nc3 g6 6. Nf3 Bg7 7. cxd5 Nxd5 8. Qb3 Nxc3 9. bxc3 0-0 10. Bc4 Nc6 11. 0-0 Na5 12. Qa4 Nxc4 13. Qxc4 Be6 14. Qb4 Bd5 15. Re1 Bxf3 16. gxf3 e6 17. Qxb7 Qc8 18. Qxc8 Rfxc8 19. Bd2 Rc6 20. Rab1 Rac8 21. Rb7 Ra6 22. Rb2 Rc7 23. Reb1 h6 24. Kf1 g5 25. Ke2 Ra3 26. Ra1 Kh7 27. Rb3 Ra4 28. a3 Kg6 29. Rb4 Ra6 30. a4 Rac6 31. a5 a6 32. Rab1 Bf8 33. Rb6 Be7 34. Rxc6 Rxc6 35. Rb6 Rxb6 36. axb6 Bd6 37. f4 gxf4 38. c4 Kf6 39. c5 Bb8 40. c6 Ke7 41. c7 Bxc7 42. bxc7 Kd7 43. Bxf4 h5 44. h4 a5 45. Kd3 f6 46. Kc4 1-0

[Event "ECF Charity Marathon UKR"]
[Site "Chess.com INT"]
[Date "2022.04.03"]
[Round "?"]
[White "Vleeshhouwer, Douglas"]
[Black "Punnett, Alan Kenneth"]
[Result "1-0"]
[WhiteElo "1980"]
[BlackElo "2033"]
[PlyCount "31"]
[EventDate "2022.04.02"]
[EventType "swiss (blitz)"]
[EventRounds "74"]
[EventCountry "USA"]
[SourceTitle "CBM 207 Extra"]
[Source "ChessBase"]
[SourceDate "2022.05.31"]
[SourceVersion "1"]
[SourceVersionDate "2022.05.31"]
[SourceQuality "1"]

1. e4 e6 2. b3 d5 3. Bb2 dxe4 4. Nc3 Nf6 5. Qe2 Nbd7 6. Nxe4 Nxe4 7. Qxe4 Nf6 8. Qh4 Be7 9. 0-0-0 b6 10. Nf3 Bb7 11. Bb5+ c6 12. Bd3 Qd5 13. Rhe1 Qh5 14. Bxf6 Qxh4 15. Bxh4 Bxh4 16. Nxh4 1-0

[Event "Checkmate Covid Rematch"]
[Site "Chess.com INT"]
[Date "2021.06.06"]
[Round "?"]
[White "Alcock, Graham P"]
[Black "Vleeshhouwer, Douglas"]
[Result "0-1"]
[WhiteElo "1736"]
[BlackElo "1960"]
[PlyCount "44"]
[EventDate "2021.06.05"]
[EventType "swiss (blitz)"]
[EventRounds "20"]
[EventCountry "ENG"]
[SourceTitle "CBM 202 Extra"]
[Source "ChessBase"]
[SourceDate "2021.07.31"]
[SourceVersion "1"]
[SourceVersionDate "2021.07.31"]
[SourceQuality "1"]

1. e4 d6 2. d4 Nf6 3. Bd3 Nbd7 4. Nf3 e5 5. dxe5 dxe5 6. 0-0 Be7 7. h3 0-0 8. Nc3 c6 9. Bg5 Qc7 10. Qe2 Nc5 11. Bc4 b5 12. Bb3 b4 13. Na4 Nxb3 14. axb3 a5 15. Rad1 Ba6 16. Qe3 Bxf1 17. Kxf1 Rfd8 18. Rxd8+ Rxd8 19. Ke2 Nh5 20. Bxe7 Qxe7 21. g4 Qd7 22. Nxe5 Qd1# 0-1

[Event "Checkmate Covid Rematch"]
[Site "Chess.com INT"]
[Date "2021.06.06"]
[Round "?"]
[White "Starley, Robert"]
[Black "Vleeshhouwer, Douglas"]
[Result "1-0"]
[WhiteElo "2084"]
[BlackElo "1960"]
[PlyCount "59"]
[EventDate "2021.06.05"]
[EventType "swiss (blitz)"]
[EventRounds "20"]
[EventCountry "ENG"]
[SourceTitle "CBM 202 Extra"]
[Source "ChessBase"]
[SourceDate "2021.07.31"]
[SourceVersion "1"]
[SourceVersionDate "2021.07.31"]
[SourceQuality "1"]

1. e4 d6 2. d4 Nf6 3. Nc3 Nbd7 4. Nf3 e5 5. dxe5 dxe5 6. Bc4 Be7 7. 0-0 0-0 8. h3 c6 9. Be3 a5 10. a4 Qc7 11. Qe2 Nc5 12. Bxc5 Bxc5 13. Rad1 Be6 14. b3 Rad8 15. Rxd8 Rxd8 16. Rd1 Bb4 17. Rxd8+ Qxd8 18. Bxe6 fxe6 19. Nd1 Qd6 20. Ne3 Nd7 21. Nc4 Qc7 22. Qd3 Kf7 23. c3 Be7 24. g4 b5 25. axb5 cxb5 26. Ncd2 Qc6 27. c4 bxc4 28. Nxc4 Qb5 29. Qxd7 Qxd7 30. Nfxe5+ 1-0

[Event "Checkmate Covid Rematch"]
[Site "Chess.com INT"]
[Date "2021.06.06"]
[Round "?"]
[White "Vleeshhouwer, Douglas"]
[Black "Pal, Rohan"]
[Result "1-0"]
[WhiteElo "1960"]
[BlackElo "1759"]
[PlyCount "72"]
[EventDate "2021.06.05"]
[EventType "swiss (blitz)"]
[EventRounds "20"]
[EventCountry "ENG"]
[SourceTitle "CBM 202 Extra"]
[Source "ChessBase"]
[SourceDate "2021.07.31"]
[SourceVersion "1"]
[SourceVersionDate "2021.07.31"]
[SourceQuality "1"]

1. b3 e5 2. Bb2 Nc6 3. e3 d6 4. Nf3 g6 5. d4 e4 6. Nfd2 d5 7. c4 f5 8. cxd5 Qxd5 9. Nc3 Qd8 10. Bb5 Bg7 11. d5 a6 12. Ba4 b5 13. Bxb5 axb5 14. dxc6 b4 15. Na4 Bxb2 16. Nxb2 Ne7 17. Qc2 Ba6 18. Nbc4 0-0 19. Ne5 Qd6 20. Ndc4 Bxc4 21. Qxc4+ Kg7 22. Nd7 Rfe8 23. Rc1 Rxa2 24. 0-0 Qd2 25. Ne5 Rf8 26. Rcd1 Qb2 27. Qe6 Ng8 28. Rd7+ Kh6 29. Nf7+ Kh5 30. Rxc7 Ra1 31. g3 Rxf1+ 32. Kxf1 Qc1+ 33. Kg2 Qd1 34. Ne5 Nf6 35. h3 Ra8 36. Rxh7+ Kg5 1-0

[Event "Checkmate Covid Rematch"]
[Site "Chess.com INT"]
[Date "2021.06.06"]
[Round "?"]
[White "Vleeshhouwer, Douglas"]
[Black "Royal, Shreyas"]
[Result "0-1"]
[WhiteElo "1960"]
[BlackElo "2121"]
[PlyCount "50"]
[EventDate "2021.06.05"]
[EventType "swiss (blitz)"]
[EventRounds "20"]
[EventCountry "ENG"]
[SourceTitle "CBM 202 Extra"]
[Source "ChessBase"]
[SourceDate "2021.07.31"]
[SourceVersion "1"]
[SourceVersionDate "2021.07.31"]
[SourceQuality "1"]

1. b3 Nf6 2. Bb2 e6 3. c4 Be7 4. e3 d5 5. Nf3 0-0 6. Nc3 c5 7. cxd5 exd5 8. d4 Nc6 9. dxc5 Bxc5 10. Be2 a6 11. 0-0 Bg4 12. h3 Bxf3 13. Bxf3 d4 14. Na4 Ba7 15. Bxc6 bxc6 16. Bxd4 Bxd4 17. Qxd4 Qc7 18. Rac1 Rad8 19. Qc4 Rd2 20. Qxc6 Qe5 21. Qxa6 Rxa2 22. Qc4 Ne4 23. Rc2 Nd2 24. Rxd2 Rxd2 25. Nc3 Rc2 0-1